[Event "105th British-ch 2018"]
[Site "Hull"]
[Date "2018.07.31"]
[Round "4"]
[White "Jones, Gawain C B"]
[Black "Hawkins, Jonathan"]
[Result "1-0"]
[WhiteElo "2670"]
[BlackElo "2590"]
[Annotator "TA"]
[PlyCount "87"]
[EventDate "2018.07.28"]
[EventType "swiss"]
[EventCountry "GBR"]
[SourceTitle "playchess.com"]
[Source "ChessBase"]
[SourceQuality "1"]

{[%evp 22,87,25,26,41,43,58,52,61,50,60,42,42,39,46,48,35,47,37,40,98,91,132,30,30,31,31,24,31,31,38,29,47,51,45,22,74,75,73,79,136,126,134,135,124,47,48,48,81,25,50,37,26,0,131,154,139,141,1024,1009,937,921,713,704,29966,29961,6193,6102]} 1. e4 e6 2. d4 d5 3. Nd2 dxe4 4. Nxe4 Nd7 5. Nf3 Ngf6 6. Nxf6+ Nxf6 7. g3 b6 {C10: French with 3 Nc3: Unusual Black 3rd moves and 3...dxe4} 8. Bb5+ Bd7 9. a4 a6 10. Be2 Bc6 11. O-O Bd6 12. Ne5 {LiveBook: 3 Games} Bxe5 13. dxe5 {[#]} Nd7 $146 ({Predecessor:} 13... Qd5 14. Qxd5 Nxd5 15. a5 {½-½ (31) Morozevich,A (2694)-Pelletier,Y (2590) Biel 2011}) 14. Qd4 O-O 15. b4 Bd5 16. Rd1 c5 17. bxc5 bxc5 18. Qe3 Qc7 19. c4 Bb7 20. Bb2 Rfe8 (20... Nb6 $14) 21. Rd6 $16 Bc6 22. Bf3 ({White should play} 22. a5 $16) 22... Bxf3 $11 23. Qxf3 Nb6 $1 24. Qe4 f5 25. Qd3 Ra7 $1 {Threatening ...Nc8.} 26. Qe2 Nc8 27. Rd3 Rb7 28. Rad1 Nb6 {[#]} (28... Qa5 $11) 29. a5 $1 $16 {[%cal Ra5b6]} Nxc4 30. Rd7 $1 {[%cal Rd7c7]} Qc6 ({Avoid the trap} 30... Rxb2 $2 31. Qh5 $18 (31. Rxc7 Rxe2 32. Rdd7 Re1+ 33. Kg2 Nxe5 $11)) (30... Qb8 $142 31. Rxb7 Qxb7 32. Qxc4 Qxb2) 31. Rxb7 Qxb7 32. Qxc4 {aiming for Ba3.} Qxb2 33. Qxc5 $40 {[%mdl 4224] Endgame KQR-KQR. White mounts an attack.} (33. Qxa6 $16 {Threatens to win with Qc6.} Qxe5 34. Qc6) 33... Qe2 $14 34. Qd6 Kf7 35. h3 (35. Qd3 $16 Qxe5 36. Qxa6) 35... Re7 36. Rc1 Qb5 37. Qd1 {And now Qh5+ would win.} g6 {[#]} (37... Qxe5 $11 {keeps the balance.} 38. Qh5+ Kf6) 38. Qd8 $1 $16 Qxe5 39. Rc8 {[%csl Gc8][%cal Rd8f8]} Qe1+ $2 {[%mdl 8192]} (39... Qg7 $16 40. Ra8 g5) 40. Kg2 $18 {[%csl Gc8][%cal Rd8f8]} Qe4+ 41. Kh2 {[%csl Gc8][%cal Rd8f8]} e5 42. h4 {Qg8+ would kill now.} Ke6 43. Qb6+ Kf7 44. Rh8 {Precision: White = 59%, Black = 43%.} 1-0

[Event "105th British-ch 2018"]
[Site "Hull"]
[Date "2018.08.03"]
[Round "4"]
[White "Adair, James R"]
[Black "Bradbury, Neil H"]
[Result "0-1"]
[WhiteElo "2492"]
[BlackElo "2348"]
[Annotator "TA"]
[PlyCount "82"]
[EventDate "2018.07.28"]
[EventType "swiss"]
[EventCountry "GBR"]
[SourceTitle "playchess.com"]
[Source "ChessBase"]
[SourceQuality "1"]

{[%evp 18,82,25,6,39,24,14,14,14,13,13,0,0,-12,-9,-13,-6,-10,-5,-9,0,0,0,0,0,0,0,2,8,-75,-78,-97,-97,-89,-94,-89,-96,-89,-81,-91,-81,-80,-75,-93,-89,-118,-104,-113,-110,-123,-116,-150,-150,-171,-177,-257,-257,-375,-357,-337,-266,-493,-447,-434,-411,-437,-394]} 1. d4 Nf6 2. Bg5 e6 3. e4 h6 4. Bxf6 Qxf6 5. c3 d5 (5... d6 6. Bd3 g6 7. Ne2 Bg7 8. O-O O-O 9. f4 Qe7 10. e5 b6 11. Nd2 Bb7 12. Be4 Bxe4 13. Nxe4 Rd8 14. Qe1 {0-1 (62) Moiseenko,A (2667)-Wang,Y (2690) Riadh 2017}) 6. Nd2 {A45: Trompowsky Attack} c5 7. Ngf3 Nc6 8. Bb5 cxd4 9. Nxd4 Bd7 10. O-O {LiveBook: 6 Games} a6 $146 ({Predecessor:} 10... Be7 11. Qa4 e5 12. exd5 exd4 13. Ne4 {1-0 (29) Iotov,V (2579)-Xiong,J (2473) Richardson 2015}) 11. exd5 exd5 12. Re1+ Be7 $1 13. Bxc6 bxc6 14. Qe2 c5 15. N4b3 {[%cal Bd4b3,Bb3a5,Ba5c6][%mdl 32] Hoping for Nxc5.} Be6 16. c4 dxc4 17. Nxc4 O-O 18. Rac1 Rab8 19. Nba5 Rfc8 20. Qe4 Bf8 21. Nc6 Rxb2 22. Nxb2 Qxb2 23. Rc2 (23. Ne5 $11 {remains equal.}) 23... Qb7 $17 24. Ne5 Qxe4 25. Rxe4 Bf5 26. Ree2 Bxc2 27. Rxc2 {[%mdl 4096] Endgame KRB-KRN} Re8 28. Nf3 f6 {[%cal Bf7f6,Bf6f5][%mdl 32]} 29. Kf1 Kf7 30. Nd2 Ke6 31. Nc4 Kd5 32. Ne3+ Kc6 33. Ke2 f5 {And now ...f4 would win.} 34. Kf3 {[#]} g6 $1 35. Rc4 h5 36. h3 {[#]} (36. Rc2 {might work better.}) 36... Bh6 $1 $19 37. g4 (37. Rc1 {was called for.}) 37... Bxe3 38. fxe3 Kb5 39. Rc3 $2 (39. Rc1) 39... c4 40. a3 hxg4+ 41. hxg4 fxg4+ {Precision: White = 38%, Black = 84%.} 0-1

[Event "105th British-ch 2018"]
[Site "Hull"]
[Date "2018.07.31"]
[Round "4"]
[White "TAN, Justin Hy"]
[Black "Hebden, Mark L"]
[Result "1/2-1/2"]
[WhiteElo "2481"]
[BlackElo "2423"]
[Annotator "TA"]
[PlyCount "109"]
[EventDate "2018.07.28"]
[EventType "swiss"]
[EventCountry "GBR"]
[SourceTitle "playchess.com"]
[Source "ChessBase"]
[SourceQuality "1"]

{[%evp 16,109,8,0,24,2,39,37,22,39,29,25,29,32,81,45,81,45,45,44,50,49,83,74,112,93,98,98,136,136,146,136,132,119,133,127,168,168,168,168,168,168,168,163,170,156,172,167,162,168,169,168,203,119,113,120,107,44,45,45,45,10,22,22,121,43,79,60,66,8,8,8,8,8,8,8,8,8,153,68,161,8,8,0,0,0,0,0,0,0,0,0,0,0,0,0]} 1. e4 e5 2. Nf3 Nc6 3. Bb5 {[%cal Bf1b5,Bb5a4,Ba4b3][%mdl 32]} a6 4. Ba4 Nf6 5. O-O Be7 6. d3 b5 7. Bb3 d6 8. a3 O-O 9. Nc3 {LiveBook: 571 Games} Qe8 {C77: Ruy Lopez: 3...a6 4 Ba4 Nf6, unusual lines} (9... Na5 10. Ba2 Be6 11. b4 Bxa2 12. Rxa2 Nc6 13. Bg5 Ng4 14. Bd2 Nf6 15. Bg5 Ng4 16. Bd2 Nf6 17. Bg5 {½-½ (17) Vachier Lagrave,M (2789)-Carlsen,M (2843) Stavanger 2018}) 10. Nd5 $146 ({Predecessor:} 10. Re1 Rb8 11. Bd2 Bg4 12. h3 Bxf3 13. Qxf3 Nd4 14. Qg3 Kh8 15. Rac1 Nxb3 16. cxb3 b4 17. axb4 Rxb4 {½-½ (37) Martinez,A (2247)-Krysa,L (2518) Villa Martelli 2017}) 10... Bd8 11. c3 Na5 {White is slightly better.} 12. Bc2 Nxd5 13. exd5 Bg4 14. a4 Be7 15. axb5 axb5 16. b4 Nb7 17. Rxa8 Qxa8 18. d4 f5 19. h3 Bh5 20. dxe5 dxe5 21. g4 $1 $36 {[%cal Rg4h5][%mdl 2048] White is really pushing.} fxg4 22. Nxe5 {Hoping for Qd3.} Bd6 23. Qd3 {[%csl Gc2][%cal Rd3h7]} ({But not} 23. hxg4 $6 Bxe5 24. gxh5 Qe8 $14) 23... g6 24. hxg4 Bxe5 25. gxh5 Qc8 {( -> ...Qg4+)} 26. Qe4 Qf5 27. Qxf5 gxf5 28. Re1 $1 {[%cal Re1e5]} Bxc3 29. Re3 Bd4 30. Re7 $1 {Threatens to win with Bh6.} Rf7 31. Rxf7 Kxf7 32. Bxf5 $18 {[%mdl 4096] Endgame KBB-KBN} Kg8 {[#]} 33. Bh6 $1 Bg7 {[#]} 34. Bf4 (34. Bxg7 $1 $18 Kxg7 35. Kg2) 34... Nd6 $16 35. Be6+ Kf8 36. Be3 (36. f3 $16) 36... Bc3 $14 37. Bc5 Kg7 38. f3 {[%cal Bf2f3,Bf3f4][%mdl 32]} Nb7 39. Be7 Bf6 (39... Nd6 $11) 40. Bxf6+ $16 Kxf6 {KB-KN} 41. f4 {Kf2 is the strong threat.} Nd6 42. Kf2 ({White should try} 42. Kg2 $14) 42... c5 $1 $11 43. bxc5 Ne4+ 44. Ke3 Nxc5 45. Bg8 h6 46. Kd4 Nb7 (46... Nb3+ $11 {remains equal.} 47. Kc3 Nc5) 47. Bh7 (47. Be6 $16) 47... Ke7 $14 48. Bd3 $2 (48. Ke5 $18) 48... b4 $1 $11 {The position is equal.} 49. Ba6 Nd6 50. Bd3 b3 51. Kc3 Ne8 52. Kxb3 {aiming for Kc4.} Nf6 53. Bc4 Kd6 54. Kc3 Nxh5 55. Kd4 {Precision: White = 56%, Black = 65%.} 1/2-1/2

[Event "105th British-ch 2018"]
[Site "Hull"]
[Date "2018.07.31"]
[Round "4"]
[White "TAN, Justin Hy"]
[Black "Hebden, Mark L"]
[Result "*"]
[WhiteElo "2481"]
[BlackElo "2423"]
[Annotator "ChessBase"]
[PlyCount "119"]
[EventDate "2018.07.28"]
[EventType "swiss"]
[EventCountry "GBR"]
[SourceTitle "playchess.com"]
[Source "ChessBase"]
[SourceQuality "1"]
[TimeControl "40/5400+30:1800+30"]

1. e4 {[%emt 0:00:00]} e5 {[%emt 0:00:00]} 2. Nf3 {[%emt 0:00:00]} Nc6 {[%emt 0:00:14]} 3. Bb5 {[%emt 0:00:00]} a6 {[%emt 0:00:57]} 4. Ba4 {[%emt 0:00:00]} Nf6 {[%emt 0:00:12]} 5. O-O {[%emt 0:00:00]} Be7 {[%emt 0:00:25]} (5... Nxe4) 6. d3 {[%emt 0:00:45]} (6. Re1 {[%cal Gc2c3,Gd2d4]}) 6... b5 {[%emt 0:02:32]} 7. Bb3 {[%emt 0:00:03]} d6 {[%emt 0:00:27]} 8. a3 {[%emt 0:00:05]} O-O {[%emt 0:00:48]} 9. Nc3 {[%emt 0:00:23]} Qe8 {[%emt 0:14:23]} 10. Nd5 {[%emt 0:12:20]} Bd8 {[%emt 0:11:26]} 11. c3 {[%emt 0:04:23]} Na5 {[%emt 0:01:58]} 12. Bc2 {[%emt 0:12:10]} (12. Ba2) 12... Nxd5 {[%emt 0:09:26]} 13. exd5 {[%emt 0:00:03]} Bg4 {[%emt 0:00:16]} 14. a4 {[%emt 0:03:43]} Be7 {[%emt 0:06:32]} 15. axb5 {[%emt 0:14:47]} axb5 {[%emt 0:00:26]} 16. b4 {[%emt 0:11:29]} Nb7 {[%emt 0:00:08]} 17. Rxa8 {[%emt 0:00:03]} Qxa8 {[%emt 0:00:07]} 18. d4 {[%emt 0:01:12]} f5 {[%emt 0:02:58]} (18... exd4 19. Qd3 {[%csl Gh7][%cal Gf3d4]}) 19. h3 {[%emt 0:00:59]} Bh5 {[%emt 0:18:10]} (19... Bxf3 20. Qxf3 e4 {[%cal Gb7d8,Gd8f7,Gf3g3]} 21. Qe2 {[%csl Gb5]}) 20. dxe5 {[%emt 0:03:15]} dxe5 {[%emt 0:00:14]} 21. g4 {[%emt 0:03:33]} fxg4 {[%emt 0:01:24]} (21... e4 {[%cal Gf3d4]} 22. Nd4 {[%csl Gb5,Gf5,Gh5]}) (21... Bg6 22. Nxe5) 22. Nxe5 {[%emt 0:00:05]} Bd6 {[%emt 0:00:10]} 23. Qd3 {[%emt 0:01:43]} g6 {[%emt 0:00:15]} 24. hxg4 {[%emt 0:09:11]} (24. Nxg4) 24... Bxe5 {[%emt 0:00:58]} 25. gxh5 {[%emt 0:00:02]} Qc8 {[%emt 0:03:33]} (25... Qd8 {[%cal Gd8h4,Gg8h8]} 26. hxg6 Qh4 27. gxh7+ Kh8 {[%csl Gh7]}) 26. Qe4 {[%emt 0:03:44]} Qf5 {[%emt 0:00:52]} 27. Qxf5 {[%emt 0:01:34]} gxf5 {[%emt 0:00:07]} 28. Re1 {[%emt 0:08:39]} (28. Bd2 Nd6) 28... Bxc3 {[%emt 0:00:47]} 29. Re3 {[%emt 0:01:32]} Bd4 {[%emt 0:04:35]} (29... Bxb4 {[%csl Gf5,Gg3]}) 30. Re7 {[%emt 0:00:04]} Rf7 {[%emt 0:06:44]} 31. Rxf7 {[%emt 0:00:01]} Kxf7 {[%emt 0:00:07]} 32. Bxf5 {[%emt 0:00:02]} Kg8 {[%emt 0:01:02]} 33. Bh6 {[%emt 0:03:59]} Bg7 {[%emt 0:01:09]} 34. Bf4 {[%emt 0:00:53]} Nd6 {[%emt 0:00:13]} 35. Be6+ {[%emt 0:01:15]} Kf8 {[%emt 0:00:08]} 36. Be3 {[%emt 0:01:28]} Bc3 {[%emt 0:00:46]} 37. Bc5 {[%emt 0:00:24]} Kg7 {[%emt 0:00:08]} 38. f3 {[%emt 0:00:56]} Nb7 {[%emt 0:02:06]} 39. Be7 {[%emt 0:00:14]} Bf6 {[%emt 0:00:11]} 40. Bxf6+ {[%emt 0:02:50]} (40. h6+ Kg6) 40... Kxf6 {[%emt 0:00:02]} 41. f4 {[%emt 0:02:27]} Nd6 {[%emt 0:04:30]} (41... Kg7 42. Kf2 Kh6 43. Bg4 {[%csl Gc8][%cal Gf2d4,Gg4d7,Gd4c5]}) 42. Kf2 {[%emt 0:07:28]} (42. Kf1) 42... c5 {[%emt 0:00:11]} (42... Ne4+ 43. Ke3 Nc3 44. Kd4 {[%cal Gc3a2]} (44. Kd3 Na2) 44... Ne2+ 45. Kc5 Nxf4 46. Kxb5 Nxe6 (46... Nxh5 47. Kc6 {[%csl Gc7]}) 47. dxe6 Kxe6 48. Kc6 {[%csl Gb5,Gc7]}) 43. bxc5 {[%emt 0:00:11]} Ne4+ {[%emt 0:00:04]} 44. Ke3 {[%emt 0:00:02]} Nxc5 {[%emt 0:00:08]} 45. Bg8 {[%emt 0:00:34]} h6 {[%emt 0:01:16]} 46. Kd4 {[%emt 0:03:21]} Nb7 {[%emt 0:11:18]} (46... Nb3+ 47. Kc3 {[%csl Gb4]} Nc5 48. Kb4 (48. Bh7 {[%cal Gf6f5,Gc5e4]} Kg7 (48... Ke7 49. Kb4 Kd6) 49. Bg6 {[%csl Gd5,Gf4]}) 48... Nd3+ 49. Kxb5 Nxf4 50. d6 Nxh5 51. Kc6) 47. Bh7 {[%emt 0:01:11]} Ke7 {[%emt 0:01:07]} 48. Bd3 {[%emt 0:01:49]} b4 {[%emt 0:00:25]} 49. Ba6 {[%emt 0:01:21]} Nd6 {[%emt 0:01:08]} 50. Bd3 {[%emt 0:03:51]} b3 {[%emt 0:02:30]} (50... Z0 51. Kc5 {[%cal Gc5b4]} b3 52. Kb4 b2 53. Kc3 Ne8 54. Kxb2 Nf6 {[%csl Gd5,Gh5]}) 51. Kc3 (51. Ke5 b2 52. f5) 51... Ne8 52. Kxb3 (52. Be4 Nf6 53. Bf3 Kd6 54. Kxb3 Nxd5) 52... Nf6 {[%csl Gd5]} 53. Kc4 (53. Bc4 Kd6) 53... Nxh5 {[%csl Gf4]} 54. f5 Kd6 {[%cal Gh5f6]} 55. Kd4 Nf6 56. Be4 h5 57. Bf3 h4 {[%csl Gh2][%cal Gf6e7,Gd4h4,Gh4h2]} 58. Bg2 h3 59. Bf3 h2 60. Bg2 {[%cal Gf6g4,Gf6e8,Gf6g8]} *

[Event "105th British-ch 2018"]
[Site "Hull"]
[Date "2018.07.31"]
[Round "4"]
[White "Tan, Justin Hy"]
[Black "Hebden, Mark L"]
[Result "1/2-1/2"]
[WhiteElo "2481"]
[BlackElo "2423"]
[Annotator "TA"]
[PlyCount "109"]
[EventDate "2018.07.28"]
[EventType "swiss"]
[EventCountry "GBR"]
[SourceTitle "playchess.com"]
[Source "ChessBase"]
[SourceQuality "1"]

{[%evp 16,109,2,9,25,2,34,19,43,45,47,43,42,40,71,53,61,57,60,55,45,47,93,88,106,103,109,98,143,141,145,131,121,134,137,146,152,153,153,153,153,153,167,156,185,169,185,189,181,175,173,179,202,93,124,118,113,45,45,40,40,8,40,40,122,103,106,34,31,8,8,8,8,8,8,8,8,8,204,104,187,8,8,8,8,0,0,0,0,0,8,0,0,0,0,0]} 1. e4 e5 2. Nf3 Nc6 3. Bb5 {[%cal Bf1b5,Bb5a4,Ba4b3][%mdl 32]} a6 4. Ba4 Nf6 5. O-O Be7 6. d3 b5 7. Bb3 d6 8. a3 O-O 9. Nc3 {LiveBook: 569 Games} Qe8 {C77: Ruy Lopez: 3...a6 4 Ba4 Nf6, unusual lines} (9... Na5 10. Ba2 Be6 11. b4 Bxa2 12. Rxa2 Nc6 13. Bg5 Ng4 14. Bd2 Nf6 15. Bg5 Ng4 16. Bd2 Nf6 17. Bg5 {½-½ (17) Vachier Lagrave,M (2789)-Carlsen,M (2843) Stavanger 2018}) 10. Nd5 $146 ({Predecessor:} 10. Re1 Rb8 11. Bd2 Bg4 12. h3 Bxf3 13. Qxf3 Nd4 14. Qg3 Kh8 15. Rac1 Nxb3 16. cxb3 b4 17. axb4 Rxb4 {½-½ (37) Martinez,A (2247)-Krysa,L (2518) Villa Martelli 2017}) 10... Bd8 11. c3 (11. Ne3 {is more complex.} Na5 12. Ba2 Nb7 13. Bd2 c6 14. Re1) 11... Na5 12. Bc2 Nxd5 13. exd5 Bg4 14. a4 Be7 15. axb5 axb5 16. b4 Nb7 17. Rxa8 Qxa8 18. d4 f5 19. h3 Bh5 20. dxe5 dxe5 21. g4 $1 $36 {[%cal Rg4h5][%mdl 2048] Keeping Black busy.} fxg4 22. Nxe5 {Hoping for Qd3.} Bd6 23. Qd3 {[%csl Gc2][%cal Rd3h7]} ({Don't play} 23. hxg4 $6 Bxe5 24. gxh5 Qe8 $14) 23... g6 24. hxg4 Bxe5 25. gxh5 Qc8 {( -> ...Qg4+)} 26. Qe4 Qf5 27. Qxf5 gxf5 28. Re1 $1 {[%cal Re1e5]} Bxc3 29. Re3 Bd4 {[#]} 30. Re7 $1 {Threatens to win with Bh6.} Rf7 31. Rxf7 Kxf7 32. Bxf5 $18 {[%mdl 4096] Endgame KBB-KBN} Kg8 {[#]} 33. Bh6 $1 Bg7 34. Bf4 (34. Bxg7 $18 {and White stays clearly on top.} Kxg7 35. Kg2) 34... Nd6 $16 35. Be6+ Kf8 36. Be3 (36. f3 $16) 36... Bc3 $14 37. Bc5 Kg7 38. f3 Nb7 39. Be7 Bf6 (39... Nd6 $14) 40. Bxf6+ $16 Kxf6 {KB-KN} 41. f4 (41. Kf2 $16) 41... Nd6 $14 42. Kf2 c5 $1 43. bxc5 Ne4+ 44. Ke3 Nxc5 45. Bg8 h6 46. Kd4 Nb7 $2 (46... Nb3+ $11 47. Ke4 Nc5+ 48. Kd4 Nb3+ 49. Kc3 Nc5) 47. Bh7 (47. Be6 $18) 47... Ke7 (47... b4 $16 {was called for.} 48. Kc4 Ke7 49. Kxb4 Kd6) 48. Bd3 $2 (48. Bc2 $18) 48... b4 $1 $11 {The position is equal.} 49. Ba6 Nd6 50. Bd3 b3 51. Kc3 Ne8 $1 52. Kxb3 {And now Kc4 would win.} Nf6 53. Bc4 Kd6 54. Kc3 Nxh5 55. Kd4 {Precision: White = 43%, Black = 57%.} 1/2-1/2

[Event "105th British-ch 2018"]
[Site "Hull"]
[Date "2018.07.31"]
[Round "4"]
[White "Wells, Peter K"]
[Black "Eggleston, David J"]
[Result "1/2-1/2"]
[WhiteElo "2426"]
[BlackElo "2397"]
[Annotator "TA"]
[PlyCount "65"]
[EventDate "2018.07.28"]
[EventType "swiss"]
[EventCountry "GBR"]
[SourceTitle "playchess.com"]
[Source "ChessBase"]
[SourceQuality "1"]

{[%evp 21,65,19,16,8,7,35,29,18,19,18,19,18,32,47,50,22,47,62,47,57,48,22,55,20,49,18,55,18,27,31,29,-8,-8,-7,-7,-7,-6,-6,-4,-25,-25,-25,-26,-27,-10,-20]} 1. d4 Nf6 2. c4 e6 3. Nf3 b6 4. g3 Bb7 5. Bg2 Be7 6. O-O O-O 7. Nc3 d5 8. cxd5 exd5 9. Bf4 Na6 10. Rc1 Re8 {E18: Queen's Indian: Old Main Line (4 g3 Bb7 5 Bg2 Be7 6 0-0 0-0 7 Nc3)} 11. a3 c5 {LiveBook: 5 Games} 12. dxc5 bxc5 13. Qb3 $146 ({Predecessor:} 13. Ne5 Bd6 14. Nd3 Bf8 15. Bg5 Nc7 16. Nf4 Re5 17. Bxf6 Qxf6 18. Nfxd5 Bxd5 19. Bxd5 {1-0 (54) Delchev,A (2607)-Van Foreest,L (2312) Wunsiedel 2015}) 13... Qc8 14. Be5 c4 15. Qd1 Qe6 16. b4 cxb3 17. Qxb3 Nc5 18. Qb1 {Strongly threatening Nb5.} Rac8 {[%cal Ba8c8,Bc8c7,Bc7b7,Bb7b1][%mdl 32]} 19. Nb5 Qb6 20. Bh3 Nfd7 21. Bd4 {[#] Bxd7 is the strong threat.} Bc6 $1 {[%cal Rc6b5]} 22. Nc3 (22. a4 {is more complex.} a6 23. Bxc5 Bxc5 24. Nbd4 Bxd4 25. Qxb6 Bxb6 26. Rxc6 Rxc6 27. Bxd7 Ree6 28. Bxc6 Rxc6 29. Rd1) 22... Qxb1 23. Nxb1 (23. Rxb1 {keeps more tension.} Rc7 24. Rfd1 Bf8 25. Be3 Nf6 26. Nd4) 23... Rc7 24. Ne5 Nxe5 25. Bxe5 Rb7 26. Rfd1 Bf8 27. Bd4 Nb3 28. Rxc6 Nxd4 29. Rxd4 {[#] Hoping for Nc3.} Rxb1+ 30. Kg2 Rxe2 31. Rxd5 Rbb2 32. Rf5 Bxa3 33. Rc7 {Precision: White = 65%, Black = 55%.} 1/2-1/2

[Event "105th British-ch 2018"]
[Site "Hull"]
[Date "2018.07.31"]
[Round "4"]
[White "PALLISER, Richard Jd"]
[Black "Emms, John M"]
[Result "1/2-1/2"]
[WhiteElo "2418"]
[BlackElo "2488"]
[Annotator "TA"]
[PlyCount "35"]
[EventDate "2018.07.28"]
[EventType "swiss"]
[EventCountry "GBR"]
[SourceTitle "playchess.com"]
[Source "ChessBase"]
[SourceQuality "1"]

{[%evp 23,35,15,9,0,0,0,0,-13,0,0,0,-10,0,0]} 1. e4 c5 2. Nf3 g6 3. d4 cxd4 4. Nxd4 Nc6 5. c4 Nf6 6. Nc3 d6 7. Be2 Nxd4 8. Qxd4 Bg7 9. Be3 O-O 10. Qd2 Be6 11. f3 Rc8 12. Nd5 {B36: Sizilianisch (Maroczy-Aufbau)} Nxd5 {LiveBook: 6 Partien. Die Stellung ist ausgeglichen.} 13. exd5 (13. cxd5 Bd7 14. O-O e6 15. dxe6 Bxe6 16. Rfd1 Qf6 17. Bxa7 Qxb2 18. Qxb2 {½-½ (18) Gulko,B (2595)-Ivanchuk,V (2700) Novgorod 1995}) 13... Bd7 14. O-O e6 $146 ({Vorgänger:} 14... a6 15. Rac1 b5 16. Rfe1 Re8 17. b4 bxc4 18. Bxc4 Bb5 19. Bb3 Qd7 20. a3 h5 21. Bg5 Bf6 22. h4 Kg7 23. Kh2 Be5+ 24. Bf4 Bf6 {½-½ (24) Palac,M (2580)-Bistric,F (2446) Pula 2001}) 15. Bg5 Qb6+ 16. Be3 Qd8 17. Bg5 Qb6+ 18. Be3 1/2-1/2

[Event "105th British-ch 2018"]
[Site "Hull"]
[Date "2018.07.31"]
[Round "4"]
[White "Arkell, Keith C"]
[Black "McShane, Luke J"]
[Result "0-1"]
[WhiteElo "2406"]
[BlackElo "2669"]
[Annotator "TA"]
[PlyCount "106"]
[EventDate "2018.07.28"]
[EventType "swiss"]
[EventCountry "GBR"]
[SourceTitle "playchess.com"]
[Source "ChessBase"]
[SourceQuality "1"]

{[%evp 31,106,15,12,0,15,8,8,0,22,12,24,7,25,0,0,0,0,0,0,0,0,-37,-29,-42,-43,-37,-39,-36,-34,-586,-582,-513,-548,-515,0,0,0,-127,-137,-139,-85,-189,-184,-270,-277,-495,-389,-337,-316,-331,-334,-308,-343,-329,0,-180,0,-315,-310,-417,-402,-807,-806,-799,-791,-777,-602,-1020,-349,-431,0,-1005,-691,-1000,-943,-978,-946]} 1. d4 Nf6 2. Nf3 g6 3. c4 Bg7 4. Nc3 O-O 5. g3 d6 6. Bg2 Nbd7 7. O-O e5 8. e4 c6 9. h3 Qa5 10. Re1 exd4 11. Nxd4 Ne5 12. Bf1 {[%cal Bg2f1,Bf1e2,Be2f3][%mdl 32]} Qb6 {E69: King's Indian: Fianchetto: 6...Nbd7 7 0-0 e5 8 e4 c6 9 h3} 13. Nb3 Be6 14. Be3 c5 15. Nd5 Bxd5 16. exd5 Rae8 {[#] LiveBook: 4 Games} 17. Be2 $146 ({Predecessor:} 17. Kg2 Re7 18. Qc2 Rfe8 19. Bd2 Qd8 20. a4 {0-1 (38) Howell,D (2676)-McShane,L (2640) London 2017}) 17... Ne4 18. Qc2 f5 19. Nd2 Qd8 20. Rab1 Nf7 21. Nxe4 Rxe4 22. Bf3 Re7 23. Bd2 Bd4 24. Re6 Ne5 25. Bg2 {Strongly threatening Bg5.} Ref7 26. Bh6 f4 27. Bxf8 Rxf8 28. gxf4 Rxf4 29. Rf1 Qh4 30. Rxd6 $2 {[%mdl 8192]} ({Better is} 30. Qe2 $15 Rf8 31. Rxd6) 30... Qg3 $19 31. Kh1 Bxf2 32. Rd8+ Kg7 $2 (32... Kf7 $1 $19 {( -> ...Nf3)} 33. d6 Nf3 34. Rd7+ Kg8 35. Rd8+ Rf8 36. Rxf8+ Kxf8 37. Qf5+ gxf5 38. Bxf3 Qxh3#) 33. Qc3 $1 $11 {[%cal Rc3e5]} Rf3 $1 $40 {[%cal Rf3c3][%mdl 128] Black is up to no good.} 34. Qxe5+ (34. Qa5 $11 Qf4 35. Qc7+ Kh6 36. Rf8 (36. Qxb7 {gets mated.} Rxh3+ 37. Bxh3 Qf3+ 38. Bg2 Qh5+ 39. Bh3 Qxh3#) 36... Qxf8 37. Qxe5) 34... Qxe5 $17 35. Bxf3 Qe7 (35... Qxb2 $142 36. Bg2 Qxa2) 36. Ra8 (36. Rb8 $17 {is the only way for White.} Bg3 37. d6) 36... Bg3 $1 $19 37. Bg2 (37. Rxa7 {is a better defense.} Bb8 38. Ra8) 37... Bd6 {aiming for ...Qe5.} 38. Rxa7 $2 (38. Rf3 Qe1+ 39. Bf1) 38... Kh6 39. Ra3 Qe5 {[%csl Gd6][%cal Re5h2]} 40. Kg1 Qh2+ 41. Kf2 Qf4+ 42. Kg1 Qh2+ (42... Qxc4 $142 43. Raf3 Qd4+ 44. R1f2 Qxd5) 43. Kf2 {[#]} Qf4+ (43... b5 $142 $1 {[%mdl 512]} 44. Rc3 (44. cxb5 c4 $17) 44... Be5) 44. Kg1 Qxc4 45. Rb3 Qd4+ 46. Kh1 (46. Rf2 $142 c4 47. Rbf3) 46... Qe5 {[%csl Gd6][%cal Re5h2]} 47. Kg1 c4 48. Rc3 b5 49. a3 Bc5+ $2 (49... Qh2+ 50. Kf2 Be7) 50. Kh1 Bd6 (50... Qe2 $142 51. Rfc1 Qxb2) 51. Kg1 Qh2+ {Black is clearly winning.} 52. Kf2 Bc5+ 53. Kf3 Qe5 {Precision: White = 28%, Black = 74%.} 0-1

[Event "105th British-ch 2018"]
[Site "Hull"]
[Date "2018.08.03"]
[Round "4"]
[White "Houska, Jovanka"]
[Black "Pert, Nicholas"]
[Result "1/2-1/2"]
[WhiteElo "2406"]
[BlackElo "2544"]
[Annotator "TA"]
[PlyCount "74"]
[EventDate "2018.07.28"]
[EventType "swiss"]
[EventCountry "GBR"]
[SourceTitle "playchess.com"]
[Source "ChessBase"]
[SourceQuality "1"]

{[%evp 9,74,19,33,31,22,4,64,61,58,54,57,13,8,27,25,25,25,29,22,17,9,1,27,0,0,0,0,0,14,35,31,34,43,45,41,45,83,78,78,77,88,82,89,30,33,23,45,20,25,0,0,0,0,0,0,0,0,0,0,0,0,0,0,0,0,0,0]} 1. Nf3 f5 2. d3 Nc6 (2... d6 3. e4 e5 4. Nc3 Be7 5. d4 fxe4 6. Nxe4 d5 7. Neg5 exd4 8. Bd3 Qd6 9. Nxd4 c5 10. Nb5 Qe5+ 11. Be3 Na6 12. O-O {1-0 (36) Svidler,P (2751)-Bu,X (2710) Tbilisi 2017}) 3. d4 e6 4. g3 Nf6 5. Bg2 b5 6. Ne5 $146 {A04: Holländisches System ohne Übergang in andere Systeme} ({Vorgänger:} 6. O-O Be7 7. Bg5 Bb7 8. Nbd2 Rb8 9. c3 O-O 10. Bxf6 Rxf6 {½-½ (60) Kazakovskiy,V (2342)-Paravyan,D (2486) Moscow 2015}) 6... Bb7 7. c4 Ne4 (7... bxc4 $11 8. O-O Rb8) 8. Nxc6 $14 {Weiß steht etwas besser.} Bxc6 9. d5 Bb4+ 10. Bd2 (10. Nc3 {looks sharper.} Nxc3 11. bxc3 Bxc3+ 12. Bd2 Bxd2+ 13. Qxd2 Bb7 14. O-O) 10... Bxd2+ 11. Nxd2 exd5 12. cxd5 Bxd5 13. Nxe4 Bxe4 14. Bxe4 fxe4 15. Qd5 c6 16. Qh5+ g6 17. Qe5+ Kf7 18. Qxe4 Qf6 19. Qc2 Rae8 20. O-O Kg7 21. e4 {[%cal Be2e4,Be4e5][%mdl 32]} Re7 22. Rad1 h5 23. f4 h4 24. e5 Qf5 {[#]} 25. Qxf5 $1 gxf5 $16 {[%mdl 4096] Endspiel KTT-KTT} 26. Kg2 ({Besser ist} 26. Rf3 $16) 26... Kf8 $11 27. Rd6 a5 28. Rfd1 Ke8 29. e6 Rxe6 {Die Stellung ist ausgeglichen.} 30. Rxd7 {[#] Und Td8+ würde nun gewinnen.} Rhh6 31. Rd8+ Kf7 32. R1d7+ Re7 33. gxh4 Rxh4 34. Kg3 Rg4+ 35. Kf3 Rh4 36. Kg3 Rg4+ 37. Kf3 Rh4 {Precision: Weiß = 71%, Schwarz = 73%.} 1/2-1/2